Motosierras en los bosques tropicales /

Guardado en:
Autor Corporativo: Organización de las Naciones Unidas para la Agriculura y la Alimentación
Formato: Libro
Idioma:Spanish
Publicado: Roma, 1980.
Series:Colección FAO: Capacitación, 2
Etiquetas: Agregar Etiqueta
Sin Etiquetas, Sea el primero en etiquetar este registro!
LEADER 00626nam a22001695a 4500
001 EUN.um034201
003 AR-BaUNS
005 20050623122908.0
008 041125s1980####it#a##########000#0#spa#d
245 1 0 |a Motosierras en los bosques tropicales /  |c Organización de las Naciones Unidas para la Agriculura y la Alimentación. 
260 |a Roma,  |c 1980. 
300 |a 96 p. :  |b ilus. ;  |c 23 cm. . 
490 0 |a Colección FAO: Capacitación, 2 
082 0 4 |a 621.93 
082 0 4 |a 674.2 
110 2 |a Organización de las Naciones Unidas para la Agriculura y la Alimentación  |c Roma. 
859 |a Ar-BaUNS  |b BIB. CENTRAL - Sector C  |h 621.93  |i Or14  |p 86389/981